| 000 | 01374nam a2200337 i 4500 | ||
|---|---|---|---|
| 001 | 000006571 | ||
| 003 | DO-SdBNP | ||
| 005 | 20241030101506.0 | ||
| 007 | ta | ||
| 008 | 090901s1999 dr a r 001 0 spa d | ||
| 040 |
_aDO-SdBNP _bspa _cBNPHU _erda |
||
| 082 | 4 |
_a230.0797293 _bS127f,1999 _222 |
|
| 100 | 1 |
_a Sáez , José Luis, _d1937- _eautor _4aut. _9620 |
|
| 245 | 1 | 3 |
_aLa formación sacerdotal en Santo Domingo : _bdesde el Concilio de Trento a la fundación de la República / _cJosé Luis Sáez ; edición, Rafael Bello Peguero |
| 264 | 4 |
_aSanto Domingo : _bEditora Amigo del Hogar, _c1999. |
|
| 300 |
_a254 páginas : _bilustraciones ; _c23 cm. |
||
| 336 |
_atexto _btxt _2rdacontent |
||
| 337 |
_asin mediación _bn _2rdamedia |
||
| 338 |
_avolumen _bnc _2rdacarrier |
||
| 500 | _aIncluye índices | ||
| 500 | _aIncluye referencias bibliogáficas y notas al pie de las páginas | ||
| 504 | _aBibliografía : páginas 239-241 | ||
| 590 | _aInventariado, 2018/BT | ||
| 650 | 4 |
_aIglesia católica _zRepública Dominicana, Santo Domingo _918241 |
|
| 650 | 4 |
_aSeminarios teológicos católicos _918242 |
|
| 650 | 4 |
_aTeologia _xEnseñaza _918243 |
|
| 651 | 4 |
_aRepública Dominicana, Santo Domingo _xHistoria eclesiástica _918244 |
|
| 700 | 1 |
_aBello Peguero, Rafael, _d1932-2022 _eeditor _4ed. _92405 |
|
| 910 | _aValidado. Control de calidad. MFF | ||
| 942 |
_2ddc _cLBS1 |
||
| 999 |
_c6362 _d6362 |
||